<?xml version="1.0" encoding="UTF-8"?>
<record
    xmlns:xsi="http://www.w3.org/2001/XMLSchema-instance"
    xsi:schemaLocation="http://www.loc.gov/MARC21/slim http://www.loc.gov/standards/marcxml/schema/MARC21slim.xsd"
    xmlns="http://www.loc.gov/MARC21/slim">

  <leader>02388cam a2200325 a 4500</leader>
  <controlfield tag="001">12160114</controlfield>
  <controlfield tag="005">20210414114027.0</controlfield>
  <controlfield tag="008">000831s2000    enk           001 0 eng  </controlfield>
  <datafield tag="010" ind1=" " ind2=" ">
    <subfield code="a">   00046484 </subfield>
  </datafield>
  <datafield tag="020" ind1=" " ind2=" ">
    <subfield code="a">0198765258 (alk. paper)</subfield>
  </datafield>
  <datafield tag="040" ind1=" " ind2=" ">
    <subfield code="a">DLC</subfield>
    <subfield code="c">DLC</subfield>
    <subfield code="d">DLC</subfield>
  </datafield>
  <datafield tag="043" ind1=" " ind2=" ">
    <subfield code="a">e-uk---</subfield>
  </datafield>
  <datafield tag="050" ind1="0" ind2="0">
    <subfield code="a">KD4879.W3 </subfield>
  </datafield>
  <datafield tag="082" ind1="0" ind2="0">
    <subfield code="a">342.41/06</subfield>
    <subfield code="2">21</subfield>
  </datafield>
  <datafield tag="100" ind1="1" ind2=" ">
    <subfield code="a">Wade, William,</subfield>
    <subfield code="c">Sir,</subfield>
    <subfield code="d">1918-</subfield>
  </datafield>
  <datafield tag="245" ind1="1" ind2="0">
    <subfield code="a">Administrative law. /</subfield>
    <subfield code="c">by Sir William Wade.</subfield>
  </datafield>
  <datafield tag="250" ind1=" " ind2=" ">
    <subfield code="a">8th ed. /</subfield>
    <subfield code="b">by Sir William Wade and Christopher Forsyth.</subfield>
  </datafield>
  <datafield tag="260" ind1=" " ind2=" ">
    <subfield code="a">Oxford ;</subfield>
    <subfield code="a">New York :</subfield>
    <subfield code="b">Oxford University Press,</subfield>
    <subfield code="c">2000.</subfield>
  </datafield>
  <datafield tag="300" ind1=" " ind2=" ">
    <subfield code="a">xxxviii, 1027 p. ;</subfield>
    <subfield code="c">25 cm.</subfield>
  </datafield>
  <datafield tag="500" ind1=" " ind2=" ">
    <subfield code="a">Includes index.</subfield>
  </datafield>
  <datafield tag="505" ind1=" " ind2=" ">
    <subfield code="a">Contents:  Introduction -- Constitutional foundations of the powers of the courts -- Authorities and functions: The Central government -- Local and devolved government -- The Police -- Public corporations, privatisation and regulation -- European influences: Incorporation of European law -- Power and Jurisdiction: Legal nature of powers -- Jurisdiction over fact and law -- Problems of invalidity -- Discretionary power: Retention of dicretion -- Abuse of discretion -- Natural justice: Natural justice and legal justice -- The Rule against bias -- The Right to a fair hearing -- Remedies and liability: Ordinary remedies -- Prerogative remedies -- Boundaries of judicial review -- Procedure of judicial review -- Restriction of remedies -- Liability of public authorities -- Crown proceedings -- Administrative legislation and adjudication: Delegated legislation -- Statutory tribunals -- Statutory inquires -- Appendix 1: Lord diplock's formal statement on judicial review -- Appendix 2: Issues arising while this book was in the press. </subfield>
  </datafield>
  <datafield tag="650" ind1=" " ind2="0">
    <subfield code="a">Administrative law</subfield>
    <subfield code="z">Great Britain.</subfield>
  </datafield>
  <datafield tag="700" ind1="1" ind2=" ">
    <subfield code="a">Forsyth, C. F.</subfield>
  </datafield>
  <datafield tag="856" ind1="4" ind2="2">
    <subfield code="3">Publisher description</subfield>
    <subfield code="u">http://www.loc.gov/catdir/enhancements/fy0639/00046484-d.html</subfield>
  </datafield>
  <datafield tag="856" ind1="4" ind2="1">
    <subfield code="3">Table of contents only</subfield>
    <subfield code="u">http://www.loc.gov/catdir/enhancements/fy0639/00046484-t.html</subfield>
  </datafield>
  <datafield tag="856" ind1="4" ind2="2">
    <subfield code="3">Contributor biographical information</subfield>
    <subfield code="u">http://www.loc.gov/catdir/enhancements/fy0725/00046484-b.html</subfield>
  </datafield>
  <datafield tag="906" ind1=" " ind2=" ">
    <subfield code="a">7</subfield>
    <subfield code="b">cbc</subfield>
    <subfield code="c">orignew</subfield>
    <subfield code="d">1</subfield>
    <subfield code="e">ocip</subfield>
    <subfield code="f">20</subfield>
    <subfield code="g">y-gencatlg</subfield>
  </datafield>
  <datafield tag="942" ind1=" " ind2=" ">
    <subfield code="2">lcc</subfield>
    <subfield code="c">BK</subfield>
  </datafield>
  <datafield tag="999" ind1=" " ind2=" ">
    <subfield code="c">1448</subfield>
    <subfield code="d">8948</subfield>
  </datafield>
  <datafield tag="952" ind1=" " ind2=" ">
    <subfield code="0">0</subfield>
    <subfield code="1">0</subfield>
    <subfield code="2">lcc</subfield>
    <subfield code="4">0</subfield>
    <subfield code="7">0</subfield>
    <subfield code="a">WIUC-1</subfield>
    <subfield code="b">WIUC-1</subfield>
    <subfield code="c">GEN</subfield>
    <subfield code="d">2012-06-19</subfield>
    <subfield code="l">0</subfield>
    <subfield code="o">KD4879.W3</subfield>
    <subfield code="p">3859/12</subfield>
    <subfield code="r">2012-06-19 00:00:00</subfield>
    <subfield code="t">1</subfield>
    <subfield code="w">2012-06-19</subfield>
    <subfield code="y">BK</subfield>
  </datafield>
  <datafield tag="952" ind1=" " ind2=" ">
    <subfield code="0">0</subfield>
    <subfield code="1">0</subfield>
    <subfield code="2">lcc</subfield>
    <subfield code="4">0</subfield>
    <subfield code="7">0</subfield>
    <subfield code="a">WIUC-1</subfield>
    <subfield code="b">WIUC-1</subfield>
    <subfield code="c">GEN</subfield>
    <subfield code="d">2012-06-19</subfield>
    <subfield code="l">0</subfield>
    <subfield code="o">KD4879.W31</subfield>
    <subfield code="p">3860/12</subfield>
    <subfield code="r">2012-06-19 00:00:00</subfield>
    <subfield code="t">2</subfield>
    <subfield code="w">2012-06-19</subfield>
    <subfield code="y">BK</subfield>
  </datafield>
  <datafield tag="952" ind1=" " ind2=" ">
    <subfield code="0">0</subfield>
    <subfield code="1">0</subfield>
    <subfield code="2">lcc</subfield>
    <subfield code="4">0</subfield>
    <subfield code="7">0</subfield>
    <subfield code="a">WIUC-1</subfield>
    <subfield code="b">WIUC-1</subfield>
    <subfield code="c">GEN</subfield>
    <subfield code="d">2012-06-19</subfield>
    <subfield code="l">0</subfield>
    <subfield code="o">KD4879.W32</subfield>
    <subfield code="p">3861/12</subfield>
    <subfield code="r">2012-06-19 00:00:00</subfield>
    <subfield code="t">3</subfield>
    <subfield code="w">2012-06-19</subfield>
    <subfield code="y">BK</subfield>
  </datafield>
  <datafield tag="952" ind1=" " ind2=" ">
    <subfield code="0">0</subfield>
    <subfield code="1">0</subfield>
    <subfield code="2">lcc</subfield>
    <subfield code="4">0</subfield>
    <subfield code="7">0</subfield>
    <subfield code="a">WIUC-1</subfield>
    <subfield code="b">WIUC-1</subfield>
    <subfield code="c">GEN</subfield>
    <subfield code="d">2012-06-19</subfield>
    <subfield code="l">0</subfield>
    <subfield code="o">KD4879.W33</subfield>
    <subfield code="p">3862/12</subfield>
    <subfield code="r">2012-06-19 00:00:00</subfield>
    <subfield code="t">4</subfield>
    <subfield code="w">2012-06-19</subfield>
    <subfield code="y">BK</subfield>
  </datafield>
</record>
